[Event "World Blitz Women 2022"]
[Site "Almaty KAZ"]
[Date "2022.12.29"]
[Round "4.21"]
[White "Mkrtchyan, Mariam"]
[Black "Gaboyan, Susanna"]
[Result "1/2-1/2"]
[WhiteTitle "WIM"]
[BlackTitle "WIM"]
[WhiteElo "2364"]
[BlackElo "2200"]
[WhiteFideId "13310828"]
[BlackFideId "13303627"]
[EventDate "2022.12.29"]

1. d4 d6 2. Nf3 Nf6 3. g3 Nbd7 4. Bg2 g6 5. c4 Bg7 6. Nc3 O-O 7. O-O c6 8. e4 e5
9. h3 exd4 10. Nxd4 Nc5 11. Re1 a5 12. Be3 Re8 13. Qc2 d5 14. cxd5 cxd5 15. exd5
b6 16. Nc6 Bf5 17. Qd2 Qd7 18. g4 Nfe4 19. Nxe4 Bxe4 20. Bxc5 Bxg2 21. Kxg2 bxc5
22. Rad1 Bd4 23. Nxd4 Rxe1 24. Rxe1 cxd4 25. Qxd4 Rd8 26. Rd1 h5 27. b3 hxg4 28.
hxg4 Qd6 29. Rh1 Qxd5+ 30. Qxd5 Rxd5 31. Rh3 Rd4 32. Rg3 a4 33. g5 axb3 34. axb3
Rb4 35. Kf1 Kg7 36. Ke2 f6 37. gxf6+ Kxf6 38. Kd2 Kf5 39. Kc3 Rb8 40. b4 g5 41.
Kc4 Rc8+ 42. Kd5 Rc2 43. f3 Kf4 44. Rg4+ Kf5 45. Rc4 Rd2+ 46. Kc6 Rd3 47. Rc5+
Kf4 48. b5 Rxf3 49. b6 Re3 50. Kd7 Rd3+ 51. Kc7 Rb3 52. b7 g4 53. Rc6 Rxb7+ 54.
Kxb7 Kf3 55. Rf6+ Kg2 56. Kc6 g3 57. Kd5 Kh2 58. Rh6+ Kg1 59. Ke4 g2 60. Ra6 Kh1
61. Rh6+ Kg1 62. Kf3 Kf1 63. Ra6 g1=N+ 64. Ke3 Kg2 65. Rg6+ Kf1 66. Rg7 Ne2 67.
Rf7+ Ke1 68. Ra7 Kd1 69. Ra1+ Nc1 70. Kd4 Kc2 71. Ra7 Kd2 72. Ke4 Kc2 73. Rc7+
Kd2 74. Kd4 Ne2+ 75. Ke4 Nc3+ 76. Ke5 Kd3 77. Rh7 Kc4 78. Rh4+ Kc5 79. Rh1 Kc4
80. Rc1 Kd3 81. Rh1 Kc4 82. Kd6 Kd4 83. Rh4+ Ne4+ 84. Ke6 Kd3 85. Ke5 Nd2 86.
Rd4+ Ke3 87. Ra4 Nf3+ 88. Kd5 Ng5 89. Ra3+ Kf4 90. Ra1 Nf3 91. Ra8 Ke3 92. Re8+
Kf4 93. Rf8+ Ke3 94. Rh8 Kf4 95. Rf8+ Ke3 96. Kc4 Ke4 97. Re8+ Ne5+ 98. Kc5 Kf5
99. Kd5 Ng6 100. Re1 Nf4+ 101. Kd4 Ne6+ 102. Kd5 Nf4+ 103. Kd6 Kg4 104. Rg1+ Kf5
105. Rf1 Ke4 106. Ra1 Kf5 107. Ra5+ Ke4 108. Ra4+ Kf5 109. Ra5+ Ke4 110. Kc5
Nd3+ 111. Kc4 Ne5+ 112. Kc3 Kf4 113. Ra4+ Kf5 114. Kd4 Nf3+ 115. Kd5 Ne5 116.
Ra1 Ng6 117. Rf1+ Nf4+ 118. Kd4 Kg4 119. Ke4 Nh3 120. Rf8 Ng5+ 121. Ke5 Nf3+
122. Ke4 Ng5+ 123. Ke3 Kh5 124. Rf6 Kg4 125. Rf1 Ne6 126. Rf6 Ng5 127. Rf1 Ne6
128. Ke4 Ng5+ 129. Ke5 Nf3+ 130. Ke4 Ng5+ 131. Ke3 Ne6 132. Ke4 1/2-1/2

[Event "World Blitz Women 2022"]
[Site "Almaty KAZ"]
[Date "2022.12.29"]
[Round "4.22"]
[White "Abdumalik, Zhansaya"]
[Black "Tereladze, Sopio"]
[Result "1-0"]
[WhiteTitle "GM"]
[BlackTitle "WIM"]
[WhiteElo "2496"]
[BlackElo "2215"]
[WhiteFideId "13703544"]
[BlackFideId "13600486"]
[EventDate "2022.12.29"]

1. e4 e5 2. Nf3 Nc6 3. d4 exd4 4. Nxd4 Nf6 5. Nxc6 bxc6 6. e5 Qe7 7. Qe2 Nd5 8.
h4 g6 9. c4 Nb6 10. Bg5 Qb4+ 11. Nc3 Be7 12. Rh3 Bxg5 13. hxg5 Ba6 14. b3 O-O-O
15. O-O-O Rhe8 16. f4 d6 17. Qg4+ Kb8 18. exd6 Rxd6 19. Kc2 Bc8 20. Qf3 Bxh3 21.
gxh3 Red8 22. Bd3 Nd7 23. Ne4 Rd4 24. Nf2 Qa3 25. Kc3 Nc5 26. Qxc6 Qa5+ 27. Kb2
Nxd3+ 28. Nxd3 1-0

[Event "World Blitz Women 2022"]
[Site "Almaty KAZ"]
[Date "2022.12.29"]
[Round "4.23"]
[White "Gvetadze, Sofio"]
[Black "Ushenina, Anna"]
[Result "1/2-1/2"]
[WhiteTitle "IM"]
[BlackTitle "GM"]
[WhiteElo "2298"]
[BlackElo "2454"]
[WhiteFideId "13601440"]
[BlackFideId "14110911"]
[EventDate "2022.12.29"]

1. Nf3 d5 2. c4 e6 3. e3 Nf6 4. b3 c5 5. Bb2 Nc6 6. d3 Bd6 7. Be2 O-O 8. O-O e5
9. cxd5 Nxd5 10. a3 Kh8 11. Nbd2 Qe7 12. Qc2 Bg4 13. Rfe1 Rac8 14. Rac1 b6 15.
Qb1 Bb8 16. Bd1 Rfe8 17. Bc2 Qe6 18. Qa1 f6 19. Qb1 Qf7 20. Bd1 Be6 21. Nf1 Red8
22. Ng3 a5 23. Bc2 Qg8 24. Rcd1 Nde7 25. Nd2 Nf5 26. Nc4 Nxg3 27. hxg3 Bc7 28.
Bc3 Rd7 29. Nd2 Bf5 30. Ne4 Bg6 31. g4 Qe6 32. f3 Ne7 33. Bb2 Rcd8 34. Ng3 b5
35. d4 c4 36. Bxg6 Nxg6 37. dxe5 Bxe5 38. Rxd7 Qxd7 39. Bxe5 Nxe5 40. bxc4 Nxc4
41. Qb3 a4 42. Qc3 Qd3 43. Qb4 Nxa3 44. Nf5 Nc2 45. Qe7 Qd7 46. Qxd7 Rxd7 47.
Rc1 Rc7 48. Nd4 b4 49. Nxc2 b3 50. Rd1 h6 51. Na3 Rb7 52. Rb1 Rc7 53. Kf2 Rc3
54. Ke2 b2 55. Nb5 Rc2+ 56. Kd3 Rxg2 57. Na3 Rf2 58. f4 Rg2 59. Kc3 Rg3 60. Nc2
a3 61. Nxa3 Rxe3+ 62. Kxb2 Rf3 63. f5 Rg3 64. Nc4 Rxg4 65. Rc1 Rf4 66. Nd6 Kh7
67. Rc8 h5 68. Rc3 h4 69. Rh3 Kh6 70. Kc3 Kh5 71. Kd3 Kg4 72. Rh1 Rf3+ 73. Ke2
h3 74. Ne4 Rxf5 75. Rg1+ Kf4 76. Nf2 Re5+ 77. Kf1 Rh5 78. Rxg7 f5 79. Kg1 Kf3
80. Nh1 h2+ 81. Kf1 f4 82. Rg2 Ra5 83. Rf2+ Ke3 84. Kg2 Rg5+ 85. Kxh2 Rh5+ 86.
Kg2 Rxh1 87. Rf3+ Ke4 88. Rxf4+ Kxf4 89. Kxh1 Ke5 1/2-1/2

[Event "World Blitz Women 2022"]
[Site "Almaty KAZ"]
[Date "2022.12.29"]
[Round "4.24"]
[White "Javakhishvili, Lela"]
[Black "Gong, Qianyun"]
[Result "1-0"]
[WhiteTitle "IM"]
[BlackTitle "WGM"]
[WhiteElo "2440"]
[BlackElo "2299"]
[WhiteFideId "13601458"]
[BlackFideId "8602425"]
[EventDate "2022.12.29"]

1. d4 d5 2. c4 c6 3. Nf3 Nf6 4. Qb3 dxc4 5. Qxc4 Bf5 6. g3 e6 7. Bg2 Be7 8. O-O
Nbd7 9. Nc3 O-O 10. e3 b5 11. Qe2 b4 12. Na4 Rc8 13. Ne5 Nxe5 14. dxe5 Bd3 15.
Qd2 Ne4 16. Bxe4 Bxe4 17. f3 Bd3 18. Rd1 Bb5 19. Qc2 Qa5 20. Nc5 Bxc5 21. Qxc5
Qa6 22. Kf2 b3 23. a4 Bd3 24. Bd2 Rfd8 25. Bc3 h6 26. Rd2 Bc2 27. Rd6 Rxd6 28.
exd6 f6 29. d7 Rd8 30. Qe7 Qb6 31. Qxe6+ Kh7 32. Qe7 Kg6 33. h4 h5 34. g4 hxg4
35. Rg1 Bf5 36. h5+ Kh6 37. fxg4 Rxd7 38. g5+ Kh7 39. Qf8 fxg5 40. h6 Bg6 41.
hxg7 Rf7+ 42. Ke2 Qa6+ 43. Ke1 Rxf8 44. gxf8=Q Qb7 45. Qh8# 1-0

[Event "World Blitz Women 2022"]
[Site "Almaty KAZ"]
[Date "2022.12.29"]
[Round "4.25"]
[White "Shukhman, Anna"]
[Black "Zatonskih, Anna"]
[Result "0-1"]
[WhiteTitle "WFM"]
[BlackTitle "IM"]
[WhiteElo "2161"]
[BlackElo "2349"]
[WhiteFideId "54180058"]
[BlackFideId "14101572"]
[EventDate "2022.12.29"]

1. e4 d5 2. exd5 Qxd5 3. Nc3 Qd6 4. d4 c6 5. Nf3 Bg4 6. Be3 Nf6 7. h3 Bh5 8. Bd3
e6 9. O-O Nbd7 10. Ne4 Nxe4 11. Bxe4 Nf6 12. Bd3 Qc7 13. c4 Be7 14. Be2 Bd6 15.
Rc1 O-O 16. Qb3 h6 17. Rfd1 Rfd8 18. d5 exd5 19. cxd5 c5 20. Qc2 Qe7 21. Ne1
Bxe2 22. Qxe2 Qe5 23. Nf3 Qe7 24. Qc4 b6 25. Re1 Qd7 26. Rcd1 Re8 27. a3 Rad8
28. Qh4 Qf5 29. Qc4 Re4 30. Qb3 Rde8 31. Qd3 Qd7 32. Bd2 Rxe1+ 33. Rxe1 Rxe1+
34. Bxe1 Nxd5 35. g3 Nf6 36. Bc3 Qe6 37. Nh4 Ne4 38. Nf3 Be7 39. Kg2 Bf6 40.
Bxf6 Nxf6 41. Qd8+ Qe8 42. Qc7 Qd7 43. Qb8+ Kh7 44. Qe5 Qd5 45. Qe3 Nd7 46. Kg1
Nf6 47. Kg2 Qe4 48. Qb3 Nd5 49. Kg1 c4 50. Qd1 b5 51. Nd4 a6 52. Qg4 Nf6 53.
Qxe4+ Nxe4 54. Nc6 c3 55. bxc3 Nxc3 56. Nb8 Nb1 57. Nxa6 Nxa3 58. Kf1 Kg6 59.
Ke2 Nc4 60. Kd3 Kf5 61. Nb4 Ke5 62. f4+ Kd6 63. Kd4 Na5 64. Nd3 Nc6+ 65. Kc3 Kd5
66. g4 Ke4 67. f5 Kf3 68. Nc5 Kg3 69. Ne4+ Kxh3 70. g5 Kg4 71. gxh6 gxh6 72. Nd6
f6 73. Nxb5 h5 74. Nd6 h4 75. Ne4 h3 76. Nxf6+ Kf3 0-1

[Event "World Blitz Women 2022"]
[Site "Almaty KAZ"]
[Date "2022.12.29"]
[Round "4.26"]
[White "Yao, Lan"]
[Black "Osmak, Yuliia"]
[Result "0-1"]
[WhiteTitle "WIM"]
[BlackTitle "IM"]
[WhiteElo "2271"]
[BlackElo "2451"]
[WhiteFideId "8610835"]
[BlackFideId "14101602"]
[EventDate "2022.12.29"]

1. e4 Nc6 2. d4 d5 3. e5 Bf5 4. c3 e6 5. Bd3 Bxd3 6. Qxd3 f6 7. exf6 Nxf6 8. Nf3
Bd6 9. O-O O-O 10. Re1 Qd7 11. Nbd2 Rae8 12. Nf1 e5 13. dxe5 Nxe5 14. Nxe5 Bxe5
15. Be3 a6 16. Ng3 Qb5 17. Qxb5 axb5 18. a3 c6 19. Rad1 Rf7 20. f3 Bc7 21. Bc5
b6 22. Bf2 Rfe7 23. Rxe7 Rxe7 24. Kf1 g6 25. Re1 Kf7 26. Rxe7+ Kxe7 27. Ke2 Ke6
28. Bg1 c5 29. Nf1 Nd7 30. g3 Ne5 31. Ne3 Bd6 32. f4 Nc4 33. Nxc4 bxc4 34. Kf3
Be7 35. Bf2 Bf6 36. g4 d4 37. Be1 Kd5 38. Bd2 b5 39. Be1 d3 40. Bd2 b4 41. axb4
cxb4 42. Ke3 b3 43. Kf3 Be7 44. h3 Ba3 45. Bc1 d2 46. Bxd2 Bxb2 47. Ke2 Ke4 48.
Kd1 Ba3 49. h4 Bd6 50. f5 gxf5 51. gxf5 Kxf5 52. Bc1 Ke4 53. Ke2 Be5 54. Bb2 h5
55. Kf2 Kd3 0-1

[Event "World Blitz Women 2022"]
[Site "Almaty KAZ"]
[Date "2022.12.29"]
[Round "4.27"]
[White "Bayasgalan, Khishigbaatar"]
[Black "Maltsevskaya, Aleksandra"]
[Result "1-0"]
[WhiteTitle "WCM"]
[BlackTitle "IM"]
[WhiteElo "1811"]
[BlackElo "2400"]
[WhiteFideId "4904311"]
[BlackFideId "24174041"]
[EventDate "2022.12.29"]

1. d4 Nf6 2. Nc3 d5 3. Bg5 g6 4. e3 Bg7 5. Bd3 O-O 6. Nge2 c5 7. dxc5 Nbd7 8.
Bxf6 Bxf6 9. Nxd5 Bxb2 10. Rb1 Bg7 11. O-O Nxc5 12. Bc4 Be6 13. Nef4 Bd7 14. Nd3
Rc8 15. Nxc5 Rxc5 16. Rxb7 Kh8 17. Nxe7 Qxe7 18. Rxd7 Qf6 19. Bd3 a5 20. Qf3 Qe6
21. Ra7 Qxa2 22. h4 Kg8 23. g3 Qe6 24. Qe4 Qb6 25. Rb7 Qf6 26. Rfb1 h6 27. Ra7
Qd6 28. Ra8 Rxa8 29. Qxa8+ Kh7 30. Rb5 Rxb5 31. Bxb5 Qb4 32. Be8 Qe7 33. Kg2 Bf6
34. Bc6 Qc7 35. Bd5 Kg7 36. c4 h5 37. Qa6 g5 38. hxg5 Bxg5 39. Qc6 Qe5 40. f4
Qb2+ 41. Kf3 Bd8 42. Qd7 Qf6 43. Qh3 a4 44. Qxh5 a3 45. Qg4+ Kf8 46. c5 Be7 47.
Qc8+ Kg7 48. c6 Bc5 49. Qb7 Qc3 50. Qxf7+ Kh6 51. Qe6+ Kg7 52. c7 Bb6 53. c8=R 1-0

[Event "World Blitz Women 2022"]
[Site "Almaty KAZ"]
[Date "2022.12.29"]
[Round "4.28"]
[White "Pourkashiyan, Atousa"]
[Black "Paramzina, Anastasya"]
[Result "1-0"]
[WhiteTitle "WGM"]
[BlackTitle "WGM"]
[WhiteElo "2321"]
[BlackElo "2227"]
[WhiteFideId "12502014"]
[BlackFideId "4165012"]
[EventDate "2022.12.29"]

1. e4 c5 2. Nf3 d6 3. d4 cxd4 4. Nxd4 Nf6 5. Nc3 a6 6. Bg5 Nbd7 7. f4 Qc7 8. Qe2
h6 9. Bh4 g6 10. O-O-O e5 11. fxe5 dxe5 12. Nb3 b5 13. Nd5 Nxd5 14. exd5 Bd6 15.
Qd2 Kf8 16. Be2 Kg7 17. Rhf1 f5 18. g4 f4 19. g5 h5 20. Bd3 Re8 21. Rde1 Nf8 22.
Rxf4 Bb7 23. Rf6 Bxd5 24. Bxg6 Nxg6 25. Qxd5 Rad8 26. Ref1 Nf4 27. Qe4 Qc4 28.
R1xf4 1-0

[Event "World Blitz Women 2022"]
[Site "Almaty KAZ"]
[Date "2022.12.29"]
[Round "4.29"]
[White "Khademalsharieh, Sarasadat"]
[Black "Nomindalai, Tumurbaatar"]
[Result "1-0"]
[WhiteTitle "IM"]
[BlackTitle "CM"]
[WhiteElo "2490"]
[BlackElo "2132"]
[WhiteFideId "12512214"]
[BlackFideId "4904095"]
[EventDate "2022.12.29"]

1. d4 d6 2. Nf3 Nf6 3. c4 g6 4. g3 Bg7 5. Bg2 O-O 6. O-O c6 7. Nc3 Bf5 8. Ng5 e5
9. dxe5 dxe5 10. e4 Bg4 11. f3 Bc8 12. Be3 Na6 13. Qe2 h6 14. Nh3 Be6 15. Nf2
Qc7 16. Rac1 Qa5 17. a3 Rfd8 18. Rfd1 Kh7 19. f4 exf4 20. gxf4 Qc7 21. e5 Nd7
22. Nd5 cxd5 23. cxd5 Qa5 24. dxe6 fxe6 25. Bxb7 Rab8 26. Be4 Qa4 27. Rd6 Nac5
28. Bxc5 Nxc5 29. Rxd8 Rxd8 30. Rxc5 Qd4 31. Rc1 Rb8 32. b4 a5 33. Rd1 Qb6 34.
Qg4 Kh8 35. Qxg6 1-0

[Event "World Blitz Women 2022"]
[Site "Almaty KAZ"]
[Date "2022.12.29"]
[Round "4.30"]
[White "Koneru, Humpy"]
[Black "Kairbekova, Amina"]
[Result "1-0"]
[WhiteTitle "GM"]
[BlackTitle "WIM"]
[WhiteElo "2572"]
[BlackElo "2209"]
[WhiteFideId "5008123"]
[BlackFideId "13712799"]
[EventDate "2022.12.29"]

1. Nf3 Nf6 2. d4 g6 3. c4 Bg7 4. g3 O-O 5. Bg2 d6 6. O-O c5 7. Nc3 Nc6 8. dxc5
dxc5 9. Be3 Be6 10. Nd2 Nd4 11. Nb3 Nxb3 12. Qxb3 Nd7 13. Rfd1 Qb6 14. Na4 Qxb3
15. axb3 Rac8 16. Bxb7 Rb8 17. Bd5 Ne5 18. Bxe6 fxe6 19. Nxc5 Ng4 20. Nd7 Nxe3
21. fxe3 Rxb3 22. Nxf8 Kxf8 23. Rd3 Rxb2 24. Kf2 Rb7 25. Ra6 Kf7 26. Rda3 Rc7
27. R3a4 e5 28. Rxa7 Rc8 29. e4 Bh6 30. Rb7 Ke6 31. e3 Bf8 32. Ke2 Kd6 33. Rb6+
Kc5 34. Rb5+ Kd6 35. Ra6+ Kd7 36. c5 e6 37. Rb7+ Kd8 38. c6 Be7 39. Rd7+ Ke8 40.
Raa7 Bc5 41. Rac7 Ra8 42. Rxh7 Ra2+ 43. Kf3 Ra8 44. Rh8+ Bf8 45. Rch7 Ra6 46. c7
Rc6 47. Rxf8+ 1-0

[Event "World Blitz Women 2022"]
[Site "Almaty KAZ"]
[Date "2022.12.29"]
[Round "4.31"]
[White "Khotenashvili, Bela"]
[Black "Kurmangaliyeva, Liya"]
[Result "1-0"]
[WhiteTitle "GM"]
[BlackTitle "FM"]
[WhiteElo "2485"]
[BlackElo "2287"]
[WhiteFideId "13602640"]
[BlackFideId "13725831"]
[EventDate "2022.12.29"]

1. Nf3 d5 2. g3 Nf6 3. Bg2 e6 4. O-O Be7 5. d3 O-O 6. Nbd2 c5 7. e4 Nc6 8. Re1
dxe4 9. dxe4 e5 10. c3 Qc7 11. Qc2 Re8 12. a4 h6 13. Nc4 Be6 14. Ne3 Rad8 15.
Nh4 Bf8 16. Rd1 a6 17. Nd5 Bxd5 18. exd5 Na5 19. c4 b6 20. b3 Nb7 21. Nf5 Nd6
22. Bb2 Qd7 23. Bh3 Nxf5 24. Bxf5 Qd6 25. Re1 g6 26. Bh3 Bg7 27. Re2 Re7 28.
Rae1 Nh7 29. Bg2 Rde8 30. a5 b5 31. cxb5 axb5 32. Ra1 Ra7 33. Qd3 b4 34. Qb5 Rb8
35. Qc6 Ra6 36. Qxd6 Rxd6 37. Bxe5 Bxe5 38. Rxe5 Nf6 39. a6 Ra8 40. Bf1 Ra7 41.
Ra5 Nxd5 42. Rxc5 Nf6 43. Rb5 Kg7 44. Rxb4 Kf8 45. Rb8+ Kg7 46. b4 Nd5 47. b5
Nb6 48. Ree8 Kf6 49. Rb7 Rxb7 50. axb7 1-0

[Event "World Blitz Women 2022"]
[Site "Almaty KAZ"]
[Date "2022.12.29"]
[Round "4.32"]
[White "Nurgali, Nazerke"]
[Black "Savitha, Shri B"]
[Result "1-0"]
[WhiteTitle "WIM"]
[BlackTitle "WIM"]
[WhiteElo "2168"]
[BlackElo "2411"]
[WhiteFideId "13711261"]
[BlackFideId "35061887"]
[EventDate "2022.12.29"]

1. d4 Nf6 2. c4 g6 3. Nc3 Bg7 4. e4 d6 5. Nf3 O-O 6. Be2 e5 7. dxe5 dxe5 8. Qxd8
Rxd8 9. Bg5 Re8 10. O-O c6 11. Rfd1 Na6 12. Nd2 Nc5 13. Be3 Bf8 14. f3 Be6 15.
Nb3 Nxb3 16. axb3 a6 17. Na4 b5 18. Nb6 Rad8 19. Rxd8 Rxd8 20. Rxa6 b4 21. Na4
Bd7 22. Nc5 Be8 23. Nd3 Nh5 24. Nxe5 Bg7 25. Nxc6 Bxc6 26. Rxc6 Bxb2 27. Rb6 Bc3
28. c5 Ng7 29. h3 Ne6 30. Bc4 Nd4 31. Rb7 Kh8 32. Rxf7 Rc8 33. Bh6 Nc2 34. Rf8+
Rxf8 35. Bxf8 Ne3 36. Be6 Bd4 37. Kh1 Nd1 38. c6 Nf2+ 39. Kh2 Be5+ 40. g3 Nd3
41. f4 Bc7 42. f5 gxf5 43. exf5 h5 44. h4 Ne5 45. f6 Ng6 46. Bxb4 Nxh4 47. f7
Ng6 48. f8=Q+ 1-0

[Event "World Blitz Women 2022"]
[Site "Almaty KAZ"]
[Date "2022.12.29"]
[Round "4.33"]
[White "Mikhaylova, Irina"]
[Black "Bivol, Alina"]
[Result "0-1"]
[WhiteTitle "WGM"]
[BlackTitle "IM"]
[WhiteElo "2257"]
[BlackElo "2364"]
[WhiteFideId "4109040"]
[BlackFideId "4100123"]
[EventDate "2022.12.29"]

1. d4 d5 2. Nf3 Nf6 3. c4 e6 4. Bg5 Be7 5. e3 h6 6. Bh4 O-O 7. Nc3 a6 8. a3 dxc4
9. Bxc4 b5 10. Ba2 Nbd7 11. Qc2 c5 12. dxc5 Nxc5 13. Rd1 Qb6 14. b4 Nb7 15. Bb1
g6 16. Ne4 Nxe4 17. Bxe7 Re8 18. Qxe4 Rxe7 19. O-O Bd7 20. Qh4 Qd8 21. Qxh6 Qf8
22. Qxf8+ Kxf8 23. Be4 Rb8 24. Ne5 Be8 25. Bc6 Rc7 26. Bxe8 Kxe8 27. Rd4 Rbc8
28. Rh4 Nd6 29. Rh7 Kf8 30. Rh8+ Ke7 31. Rxc8 Rxc8 32. Ra1 Rc3 33. h4 Ne4 34. a4
Rc2 35. f3 Nd6 36. axb5 axb5 37. Ra7+ Kf6 38. Rd7 Kxe5 39. f4+ Kd5 40. e4+ Kc6 0-1

[Event "World Blitz Women 2022"]
[Site "Almaty KAZ"]
[Date "2022.12.29"]
[Round "4.34"]
[White "Petrova, Irina"]
[Black "Gaponenko, Inna"]
[Result "0-1"]
[WhiteTitle "WIM"]
[BlackTitle "IM"]
[WhiteElo "2123"]
[BlackElo "2341"]
[WhiteFideId "14124122"]
[BlackFideId "14101181"]
[EventDate "2022.12.29"]

1. e4 Nf6 2. e5 Nd5 3. d4 d6 4. c4 Nb6 5. exd6 cxd6 6. Nc3 g6 7. Be3 Bg7 8. Rc1
O-O 9. b3 Nc6 10. Be2 e5 11. d5 Ne7 12. Nf3 h6 13. O-O Kh7 14. c5 dxc5 15. Bxc5
Re8 16. d6 Nc6 17. Nb5 Rg8 18. Nd2 Nd7 19. Nc7 Rb8 20. Ba3 Nf6 21. Nc4 Bf5 22.
b4 Ne8 23. Nxe8 Rxe8 24. b5 Nd4 25. Ne3 Be6 26. Bc4 Qd7 27. Bxe6 Qxe6 28. Nc4
Rbc8 29. Qd3 e4 30. Qb1 Rxc4 31. Rxc4 Qxc4 32. Kh1 Qxb5 33. Qd1 Qa5 34. Bb2 Qb6
35. Ba1 Qxd6 36. Re1 b5 37. Qb1 Qd5 38. Qb4 Rc8 39. h3 Rc4 40. Qe7 Qe6 41. Qxa7
Ra4 42. Qb8 Rxa2 43. Bxd4 Bxd4 44. Qxb5 Bxf2 45. Rf1 e3 46. Qb1 Ra7 47. Rc1 Re7 0-1

[Event "World Blitz Women 2022"]
[Site "Almaty KAZ"]
[Date "2022.12.29"]
[Round "4.35"]
[White "Mammadova, Gulnar"]
[Black "Hajiyeva, Laman"]
[Result "1/2-1/2"]
[WhiteTitle "IM"]
[BlackTitle "WFM"]
[WhiteElo "2376"]
[BlackElo "2135"]
[WhiteFideId "13403508"]
[BlackFideId "13415875"]
[EventDate "2022.12.29"]

1. e4 c6 2. d4 d5 3. Nc3 dxe4 4. Nxe4 Nf6 5. Nxf6+ exf6 6. Bc4 Bd6 7. Qe2+ Qe7
8. Qxe7+ Kxe7 9. Be3 Re8 10. O-O-O Kf8 11. Ne2 b5 12. Bd3 Kg8 13. d5 Be5 14.
dxc6 Nxc6 15. Bxb5 Bb7 16. Rd7 Rab8 17. Rxb7 Rxb7 18. Bxc6 Bxb2+ 19. Kb1 Rbb8
20. c4 Re6 21. Bb5 Be5 22. Kc2 a6 23. Ba4 Re7 24. Bb3 Bd6 25. Rd1 Ba3 26. Nd4
Rc8 27. Nf5 Re5 28. g4 g6 29. Nh6+ Kg7 30. g5 Re4 31. Rd7 Re7 32. gxf6+ Kxf6 33.
Ng4+ Ke6 34. Rd4 Rec7 35. Kd3 Ke7 36. Ne5 f6 37. Nf3 Rd7 38. Rxd7+ Kxd7 39. Nd4
Bc5 40. Ba4+ Kd6 41. Bf4+ Ke7 42. Nb3 Bd6 43. Be3 Bxh2 44. c5 h5 45. c6 Bd6 46.
Nd2 h4 47. f4 h3 48. Nf3 Rh8 49. Nh2 g5 50. Ke4 g4 51. Nxg4 h2 52. Nxh2 Rxh2 53.
Bb3 Re2 54. Kd3 Re1 55. Bb6 Rc1 56. Bd5 Bxf4 57. Ba5 Kd6 58. Be4 Ke7 59. Bb4+
Kd8 60. Ba5+ Bc7 61. Bc3 Rf1 62. Ke2 Rf4 63. Ke3 f5 64. Bd5 Rf1 65. Bf6+ Ke8 66.
Bc4 Rc1 67. Kd3 f4 68. Bg5 Rd1+ 69. Ke4 Re1+ 70. Kf3 Re3+ 71. Kg4 Re4 72. Bxa6
Ra4 73. Bc8 Rxa2 74. Bd7+ Kf7 75. Bf5 Ra5 76. Be4 Ra4 77. Bd5+ Ke8 78. Be6 Rb4
79. Kf3 Rb6 80. Bd5 Rb4 81. Be6 Ra4 82. Kg4 Ra3 83. Bd5 Rg3+ 84. Kf5 Rd3 85. Be4
Ra3 86. Bxf4 Bxf4 87. Kxf4 Kd8 88. Ke5 Kc7 89. Bd5 Rc3 90. Ke6 Rxc6+ 91. Bxc6
Kxc6 1/2-1/2

[Event "World Blitz Women 2022"]
[Site "Almaty KAZ"]
[Date "2022.12.29"]
[Round "4.36"]
[White "Machlik, Monika"]
[Black "Balajayeva, Khanim"]
[Result "1-0"]
[BlackTitle "WGM"]
[WhiteElo "2114"]
[BlackElo "2379"]
[WhiteFideId "1513621"]
[BlackFideId "13406396"]
[EventDate "2022.12.29"]

1. d4 d5 2. c4 dxc4 3. e4 b5 4. a4 c6 5. Nc3 Qb6 6. Bf4 Qb7 7. Nf3 Nf6 8. Be2 b4
9. Nb1 Nxe4 10. Bxc4 e6 11. O-O Be7 12. Re1 Nf6 13. Nbd2 Nbd7 14. Nb3 a5 15. Rc1
O-O 16. Bd3 h6 17. Bb1 Rd8 18. Qc2 Nf8 19. Ne5 Nd5 20. Bg3 Bf6 21. Nxc6 Re8 22.
Ne5 Qa7 23. Nc5 Ba6 24. Qe4 Rac8 25. Qg4 Ne7 26. Qe4 Nd5 27. Qg4 Ne7 28. Qe4 Nf5
29. Bf4 Qa8 30. Nxa6 Qxa6 31. Rcd1 Rcd8 32. h3 Rd5 33. g4 Nd6 34. Qc2 Rc8 35.
Qd2 Nc4 36. Nxc4 Qxc4 37. Be3 Qa6 38. Be4 Rd7 39. Bd3 Qd6 40. Bb1 Rcd8 41. Qe2
Qe7 42. Qf3 Bxd4 43. Bf4 Bxb2 44. Rxd7 Qxd7 45. Qe4 Bf6 46. Qe3 Qd4 47. Qc1 b3
48. h4 b2 49. Qe3 Qxe3 1-0

[Event "World Blitz Women 2022"]
[Site "Almaty KAZ"]
[Date "2022.12.29"]
[Round "4.37"]
[White "Eric, Jovana"]
[Black "Nasybullina, Alfia"]
[Result "1-0"]
[WhiteTitle "WGM"]
[BlackTitle "WIM"]
[WhiteElo "2236"]
[BlackElo "2027"]
[WhiteFideId "938238"]
[BlackFideId "4132416"]
[EventDate "2022.12.29"]

1. e4 e6 2. d4 d5 3. Nc3 Bb4 4. e5 c5 5. Bd2 Ne7 6. a3 Bxc3 7. Bxc3 cxd4 8. Bxd4
Nbc6 9. Nf3 Nxd4 10. Nxd4 Ng6 11. Bb5+ Bd7 12. Bxd7+ Qxd7 13. Qe2 O-O 14. O-O
Qc7 15. f4 Qb6 16. c3 Ne7 17. Kh1 Rac8 18. f5 exf5 19. Nxf5 Nxf5 20. Rxf5 d4 21.
cxd4 Qxd4 22. Raf1 Qc4 23. Qf3 Rc7 24. h3 Qc6 25. Qf4 Qe6 26. Rf6 Qc4 27. Qg5
Kh8 28. R6f4 Qe6 29. Qh5 Qg6 30. Qf3 b6 31. Rg4 Qe6 32. Qg3 Rg8 33. Rd1 Rcc8 34.
Rd6 Qe7 35. Rgd4 Rc5 36. Re4 Re8 37. Rd1 h6 38. Rde1 Qe6 39. Qf4 Rc6 40. Rf1 Rc7
41. Re2 Kg8 42. Qa4 Rf8 43. b4 Qc4 44. Qd1 Rd7 45. Qxd7 Qxe2 46. Rf5 Qe1+ 47.
Kh2 Qe4 48. Kh1 g6 49. Rf1 Qxe5 50. Qxa7 Qb5 51. Qe7 Qd5 52. Qe2 b5 53. Rd1 Qc6
54. Qd3 Kg7 55. Qd4+ Qf6 56. Qxf6+ Kxf6 57. Rd6+ Ke7 58. Rb6 Ra8 59. Rxb5 Rxa3
60. Rb7+ Ke6 61. b5 Rb3 62. b6 Kf6 63. Kg1 Rb2 64. Kf1 h5 65. Rb8 h4 66. b7 Kg5
67. Ke1 Kf6 68. Kd1 Ke7 69. Kc1 Rb6 70. Kc2 Kd7 71. Kc3 Kc7 72. Rf8 Kxb7 73.
Rxf7+ Ka6 74. Rf4 g5 75. Rg4 Rb5 76. Kc4 Ka5 77. Kd3 Re5 78. Re4 Rf5 79. Kd4 Kb4
80. Re5 Rf4+ 81. Kd5 g4 82. hxg4 Rxg4 83. Re4+ Rxe4 84. Kxe4 Kc4 85. Kf4 Kd5 86.
Kg4 Ke6 87. Kxh4 Kf5 88. Kh5 Kf6 89. Kg4 Kg6 90. g3 Kg7 91. Kg5 Kf7 92. Kh6 Kg8
93. Kg6 Kf8 94. g4 Kg8 95. g5 Kh8 96. Kf7 Kh7 97. g6+ 1-0

[Event "World Blitz Women 2022"]
[Site "Almaty KAZ"]
[Date "2022.12.29"]
[Round "4.38"]
[White "Lhotska, Anna"]
[Black "Mikheeva, Galina"]
[Result "1-0"]
[WhiteTitle "WFM"]
[BlackTitle "WFM"]
[WhiteElo "2159"]
[BlackElo "1969"]
[WhiteFideId "376183"]
[BlackFideId "44108320"]
[EventDate "2022.12.29"]

1. e4 e5 2. Nf3 Nc6 3. Bb5 Nf6 4. d3 Bc5 5. c3 d6 6. O-O O-O 7. Bg5 Bb6 8. Nbd2
h6 9. Bh4 a6 10. Ba4 Re8 11. Re1 Bg4 12. h3 Bh5 13. Nf1 g5 14. Bg3 Bg6 15. Ne3
Nh5 16. Bh2 Nf4 17. Bxf4 exf4 18. Nd5 Ba7 19. Nh2 Kg7 20. Bc2 Ne7 21. Nxe7 Rxe7
22. h4 gxh4 23. Qg4 Re5 24. Qxf4 Qg5 25. Qxg5 hxg5 26. Nf3 Re6 27. Nxg5 Rf6 28.
d4 Rh8 29. Re3 Rh5 30. Nh3 c5 31. Rd1 cxd4 32. cxd4 Re6 33. Nf4 Re8 34. Nxh5+
Bxh5 35. Rd2 Rc8 36. Rc3 Rd8 37. Rc7 Rb8 38. Rd7 Bg4 39. Rxd6 b5 40. f3 Be6 41.
Kf1 Bb6 42. d5 Bc8 43. e5 Bc5 44. Rc6 Bb4 45. Rd4 Bf8 46. d6 Bd7 47. Rxa6 b4 48.
Ra7 Bb5+ 49. Kf2 Kg8 50. Rc7 Bh6 51. d7 Rd8 52. Rc8 Bg5 53. f4 Be7 54. Rxd8+
Bxd8 55. Rxb4 Bxd7 56. Rd4 Bb6 57. Ke3 Bxd4+ 58. Kxd4 Bc6 59. Be4 Bd7 60. b4 Kf8
61. Kc5 Ke7 62. b5 Be6 63. a4 f5 64. exf6+ Kxf6 65. b6 h3 66. gxh3 Bc8 67. b7 1-0